<?xml version="1.0" encoding="UTF-8"?>
<record
    xmlns:xsi="http://www.w3.org/2001/XMLSchema-instance"
    xsi:schemaLocation="http://www.loc.gov/MARC21/slim http://www.loc.gov/standards/marcxml/schema/MARC21slim.xsd"
    xmlns="http://www.loc.gov/MARC21/slim">

  <leader>01799nam a2200445 i 4500</leader>
  <controlfield tag="001">0006986302</controlfield>
  <controlfield tag="003">OSt</controlfield>
  <controlfield tag="005">20260425114307.0</controlfield>
  <controlfield tag="008">230418s2023    quca   j      000 f fre  </controlfield>
  <datafield tag="020" ind1=" " ind2=" ">
    <subfield code="a">9782898107597 :</subfield>
    <subfield code="c">17,95 $</subfield>
  </datafield>
  <datafield tag="040" ind1=" " ind2=" ">
    <subfield code="a">QMBN</subfield>
    <subfield code="b">fre</subfield>
    <subfield code="e">rda</subfield>
    <subfield code="c">QMBN</subfield>
    <subfield code="d">QMBND</subfield>
  </datafield>
  <datafield tag="082" ind1="0" ind2="4">
    <subfield code="a">C843/.6</subfield>
    <subfield code="b">B684m</subfield>
    <subfield code="2">23/fre/202304</subfield>
    <subfield code="m">b</subfield>
  </datafield>
  <datafield tag="082" ind1="0" ind2="4">
    <subfield code="a">843/.92</subfield>
    <subfield code="b">B684m</subfield>
    <subfield code="2">23/fre/202304</subfield>
  </datafield>
  <datafield tag="082" ind1="0" ind2="4">
    <subfield code="a">C843/.92</subfield>
    <subfield code="b">B684m</subfield>
    <subfield code="2">23/fre/202304</subfield>
    <subfield code="m">b</subfield>
  </datafield>
  <datafield tag="084" ind1=" " ind2=" ">
    <subfield code="a">RJ B684mpp</subfield>
    <subfield code="b">B684m</subfield>
    <subfield code="2">z</subfield>
  </datafield>
  <datafield tag="091" ind1="0" ind2=" ">
    <subfield code="a">BOI</subfield>
  </datafield>
  <datafield tag="100" ind1="1" ind2=" ">
    <subfield code="a">Boisvert, Jocelyn,</subfield>
    <subfield code="d">1974-</subfield>
    <subfield code="e">auteur</subfield>
  </datafield>
  <datafield tag="245" ind1="1" ind2="0">
    <subfield code="a">Mar&#xE9;e rouge /</subfield>
    <subfield code="c">Jocelyn Boisvert ; illustrateur: Fabio Lai</subfield>
  </datafield>
  <datafield tag="264" ind1=" " ind2="1">
    <subfield code="a">Montr&#xEF;&#xBF;&#xBD;al (Qu&#xEF;&#xBF;&#xBD;bec) :</subfield>
    <subfield code="b">les &#xEF;&#xBF;&#xBD;ditions Les Malins inc.,</subfield>
    <subfield code="c">[2023]</subfield>
  </datafield>
  <datafield tag="300" ind1=" " ind2=" ">
    <subfield code="a">168 pages :</subfield>
    <subfield code="b">illustrations ;</subfield>
    <subfield code="c">21 cm</subfield>
  </datafield>
  <datafield tag="336" ind1=" " ind2=" ">
    <subfield code="a">texte</subfield>
    <subfield code="b">txt</subfield>
    <subfield code="2">rdacontent</subfield>
  </datafield>
  <datafield tag="337" ind1=" " ind2=" ">
    <subfield code="a">sans m&#xEF;&#xBF;&#xBD;diation</subfield>
    <subfield code="b">n</subfield>
    <subfield code="2">rdamedia</subfield>
  </datafield>
  <datafield tag="338" ind1=" " ind2=" ">
    <subfield code="a">volume</subfield>
    <subfield code="b">nc</subfield>
    <subfield code="2">rdacarrier</subfield>
  </datafield>
  <datafield tag="440" ind1=" " ind2=" ">
    <subfield code="a">M&#xEA;me pas peur</subfield>
  </datafield>
  <datafield tag="490" ind1="0" ind2=" ">
    <subfield code="a">M&#xEA;me pas peur</subfield>
  </datafield>
  <datafield tag="650" ind1=" " ind2="7">
    <subfield code="a">P&#xEF;&#xBF;&#xBD;res et fils</subfield>
    <subfield code="v">Romans, nouvelles, etc.</subfield>
    <subfield code="2">vmj</subfield>
  </datafield>
  <datafield tag="650" ind1=" " ind2="7">
    <subfield code="a">Vacances</subfield>
    <subfield code="v">Romans, nouvelles, etc.</subfield>
    <subfield code="2">vmj</subfield>
  </datafield>
  <datafield tag="650" ind1=" " ind2="7">
    <subfield code="a">Planche &#xEF;&#xBF;&#xBD; rame</subfield>
    <subfield code="v">Romans, nouvelles, etc.</subfield>
    <subfield code="2">vmj</subfield>
  </datafield>
  <datafield tag="650" ind1=" " ind2="7">
    <subfield code="a">Chiens</subfield>
    <subfield code="v">Romans, nouvelles, etc.</subfield>
    <subfield code="2">vmj</subfield>
  </datafield>
  <datafield tag="650" ind1=" " ind2="7">
    <subfield code="a">Sauvetage en mer</subfield>
    <subfield code="v">Romans, nouvelles, etc.</subfield>
    <subfield code="2">vmj</subfield>
  </datafield>
  <datafield tag="650" ind1=" " ind2="7">
    <subfield code="a">M&#xEF;&#xBF;&#xBD;duses</subfield>
    <subfield code="v">Romans, nouvelles, etc.</subfield>
    <subfield code="2">vmj</subfield>
  </datafield>
  <datafield tag="650" ind1=" " ind2="7">
    <subfield code="a">Monstres marins</subfield>
    <subfield code="v">Romans, nouvelles, etc.</subfield>
    <subfield code="2">vmj</subfield>
  </datafield>
  <datafield tag="650" ind1=" " ind2="7">
    <subfield code="a">Courage</subfield>
    <subfield code="v">Romans, nouvelles, etc.</subfield>
    <subfield code="2">vmj</subfield>
  </datafield>
  <datafield tag="655" ind1=" " ind2="7">
    <subfield code="a">Documents pour la jeunesse</subfield>
    <subfield code="2">rvmgf</subfield>
  </datafield>
  <datafield tag="655" ind1=" " ind2="7">
    <subfield code="a">Romans</subfield>
    <subfield code="2">rvmgf</subfield>
  </datafield>
  <datafield tag="700" ind1="1" ind2=" ">
    <subfield code="a">Lai, Fabio</subfield>
    <subfield code="e">illustrateur</subfield>
  </datafield>
  <datafield tag="942" ind1=" " ind2=" ">
    <subfield code="2">ddc</subfield>
    <subfield code="c">ROM JEUNE</subfield>
  </datafield>
  <datafield tag="999" ind1=" " ind2=" ">
    <subfield code="c">18832</subfield>
    <subfield code="d">18832</subfield>
  </datafield>
  <datafield tag="952" ind1=" " ind2=" ">
    <subfield code="0">0</subfield>
    <subfield code="1">0</subfield>
    <subfield code="2">ddc</subfield>
    <subfield code="4">0</subfield>
    <subfield code="7">0</subfield>
    <subfield code="a">HENRYVILLE</subfield>
    <subfield code="b">HENRYVILLE</subfield>
    <subfield code="d">2026-04-25</subfield>
    <subfield code="l">0</subfield>
    <subfield code="o">RJ B684mpp</subfield>
    <subfield code="p">30001030024865</subfield>
    <subfield code="r">2026-04-25 11:43:29</subfield>
    <subfield code="w">2026-04-25</subfield>
    <subfield code="y">ROM JEUNE</subfield>
  </datafield>
</record>
